| 000 | 00967nam a2200241 a 4500 | ||
|---|---|---|---|
| 001 | 81096 | ||
| 003 | BD-RjUL | ||
| 005 | 20230118125251.0 | ||
| 008 | 230118s2012 bg a|||| m||| 00| 0 eng d | ||
| 035 | _a(BD-RjUL)81096 | ||
| 040 |
_aBD-RjUL _beng _cBD-RjUL _dBD-RjUL |
||
| 041 | _aeng | ||
| 082 |
_223 _a332.12095492 _bKHE 2012 |
||
| 100 |
_aKhan, Md. Atiqur Rahman _96628 |
||
| 245 | 1 | 0 |
_aThe Exposure of Bangladeshi Commercial Banks to Macroeconomic Shocks : _bAn Empirical Study / _cMd. Atiqur Rahman Khan _6Supervisor : Md. Shibley Sadique |
| 260 |
_aRajshahi : _bDepartment of Finance and Banking,University of Rajshahi _c2012 |
||
| 300 |
_a[3], xvi, 211 leaves : _bill.; _c29 cm. |
||
| 502 | _aThesis (Ph. D.) -- Department of Finance and Banking, University of Rajshahi,2012 | ||
| 504 | _aReferences : Leaves 180-195 | ||
| 650 |
_aCommercial Banks _xBanking services _zBangladesh _96629 |
||
| 700 |
_aSadique, Md. Shibley, Supervisor _91441 |
||
| 942 |
_2ddc _cTHE |
||
| 999 |
_c81096 _d81096 |
||